Представление документа в формате RUSMARC

ПолеНазваниеЗначение
  Тип записи a
  Библиографический уровень m
001 Контрольный номер RU/IS/BASE/447325986
005 Дата корректировки 20240410121223.0
010 Индекс ISBN __
a ISBN 978-5-699-35912-7
d Цена 590-70
101 Язык документа 0_
a Язык текста rus
200 Заглавие и сведения об ответственности 1_
a Заглавие 7 чудес России и еще 42 достопримечательности, которые нужно знать
f Первые сведения об ответственности [В. Шанин, В. Агронский ; фот.: М. Альперт и др.]
b Общее обозначение материала Текст
210 Выходные данные __
a Место издания Москва
c Издательство Эксмо
d Дата издания 2011
215 Физическое описание __
a Объем 224 с.
c Иллюстрации/тип воспроизводства цв. ил., портр.
d Формат 27
225 Серия __
a Серия Главные книги о России
300 Общие примечания __
a Общие примечания Авт. указ. на обороте тит. л.
320 Библиография __
a Библиография Указ. в конце кн.
330 Аннотация __
a Аннотация Книга посвящена всероссийскому проекту по поиску семи чудес России. Этот конкурс был организован газетой "Известия", телеканалом "Россия" и радиостанцией "Маяк". Выборы семи чудес страны происходили путем голосования через SMS и Интернет. В итоге появилось это уникальное, прекрасное издание, которое обязательно должно стоять на книжной полке любой библиотеки.
333 Примечание о целевом назначении __
a Примечание о целевом назначении 6+. Для детей старше шести лет
517 Другие варианты заглавия __
a Другие варианты заглавия Семь чудес России и еще 42 достопримечательности, которые нужно знать
601 Наименование организации как предмет __
a Наименование организации как предмет Музей декабристов
605 Заглавие как предмет __
a Заглавие Тобольский Кремль
605 Заглавие как предмет __
a Заглавие Мамаев курган
605 Заглавие как предмет __
a Заглавие Родина-мать / памятник
605 Заглавие как предмет __
a Заглавие Собор Василия Блаженного
606 Тематические рубрики __
a Основная рубрика География
y Географическая подрубрика Российская Федерация; Россия; Байкал; Карачаево-Черкесия; Карачаево-Черкесская Республика; Эверест; Камчатка; Петергоф; Москва; Волгоградская область; Волгоград; Северный Урал; Ингушетия; Вологодская область; Мань-Пупу-Нер; Ямало-Ненецкий автономный округ; Тюменская область; Юрибей
606 Тематические рубрики __
a Основная рубрика Страноведение
610 Ключевые слова __
a Ключевые слова памятники искусства; памятники природы; достопримечательности; горы; горные вершины; храмы; плато; озера; соборы; монастыри; кремли; пещеры; гейзеры; путешественники; путешествия; автостоп; путешествия автостопом
686 Индексы других классификаций __
a Классификационный индекс 26.89(2Рос); ст26.89(2Рос)
700 Автор _1
a Фамилия Шанин
b Имя В. А.
g Полное личное имя Валерий Алексеевич
4 Код отношения 070
701 Альтернативная интеллектуальная ответственность _1
a Фамилия Агронский
b Имя В.
4 Код отношения 070
702 Вторичная интеллектуальная ответственность _1
a Фамилия Альперт
b Имя М.
4 Код отношения Фотограф
4 Код отношения 600
702 Вторичная интеллектуальная ответственность _1
a Фамилия Аньков
b Имя В.
4 Код отношения Фотограф
4 Код отношения 600
702 Вторичная интеллектуальная ответственность _1
a Фамилия Вейсман
b Имя Л.
4 Код отношения Фотограф
4 Код отношения 600
801 Источник записи _0
a Страна RU
b Организация Муниципальное бюджетное учреждение культуры "Централизованная библиотечная система" г. Сургут (Центральная городская библиотека им. А. С. Пушкина)
g Правила каталогизации КиК/Котельникова
801 Источник записи _1
a Страна RU
b Организация Муниципальное бюджетное учреждение культуры "Централизованная библиотечная система" г. Сургут (Центральная городская библиотека им. А. С. Пушкина)
g Правила каталогизации КиК/Котельникова
852 Данные о местонахождении __
j Шифр хранения 26.89(2Рос)
i Авторский знак Ш 20
901 Тип документа __
t Тип документа m
903 Характеристики (МАРС) __
a Дата передачи 20140304
969 Тип издания __
a Тип издания издание для досуга
990 Данные о заказе (DOS) __
j Количество экземпляров (DOS) 10
t N записи в КСУ для И/У (DOS) 201403